MARC

Tag First Indicator Second Indicator Subfields
LEADER 00000cam a2200000 i 4500
001 in00004812021
008 831004s1982 laua 000 0 eng d
005 20240807192449.2
035 |a (OCoLC)ocm09978231  
040 |a TAG  |b eng  |e rda  |c TAG  |d OCLCQ  |d OCLCG  |d OCLCQ  |d OCLCF  |d OCLCO  |d OCLCQ  |d OCL  |d OCLCO  |d OCLCL  |d OCLCQ 
020 |a 0934114412 
020 |a 9780934114417 
035 |a (OCoLC)09978231 
043 |a n-us--- 
050 4 |a VM405  |b .T3 1982 
082 0 4 |a 665.5/43  |2 19 
049 |a MAIN 
245 0 0 |a Tankerman :  |b all grades /  |c Richard A. Block, editor. 
250 |a Rev. ed. B. 
264 1 |a Houma, La. :  |b Marine Education Textbooks,  |c [1982] 
264 4 |c ©1982 
300 |a 1 volume (various pagings) :  |b illustrations ;  |c 28 cm 
336 |a text  |b txt  |2 rdacontent 
337 |a unmediated  |b n  |2 rdamedia 
338 |a volume  |b nc  |2 rdacarrier 
590 |b TAG Physical Holdings 2 
650 0 |a Merchant marine  |z United States  |v Examinations, questions, etc. 
650 0 |a Petroleum  |x Transportation  |v Examinations, questions, etc. 
650 0 |a Tankers  |x Safety measures  |v Examinations, questions, etc. 
650 6 |a Pétrole  |x Transport  |v Examens, questions, etc. 
650 7 |a Merchant marine.  |2 fast  |0 (OCoLC)fst01016936 
650 7 |a Petroleum  |x Transportation.  |2 fast  |0 (OCoLC)fst01059389 
650 7 |a Tankers  |x Safety measures.  |2 fast  |0 (OCoLC)fst01142760 
651 7 |a United States.  |2 fast  |0 (OCoLC)fst01204155  |1 https://id.oclc.org/worldcat/entity/E39PBJtxgQXMWqmjMjjwXRHgrq 
655 7 |a Examinations.  |2 fast  |0 (OCoLC)fst01423780 
700 1 |a Block, Richard A.  |q (Richard Allen),  |d 1935- 
758 |i has work:  |a Tankerman (Text)  |1 https://id.oclc.org/worldcat/entity/E39PCH7WGHkQR7fjQ8rQxwkhpP  |4 https://id.oclc.org/worldcat/ontology/hasWork 
994 |a 92  |b TAG 
852 |a TAG  |b TAGC  |c galv,stk  |h VK405 .T3 1982  |t c.1 
876 |c 20.00  |p 33620000716288  |x ACC# 94-0417  |v unmediated -- volume 
999 f f |s 149dfdfb-4a08-496e-9fbf-3281a4f0136a  |i 625c594f-aba4-4b64-9a04-f92510c4c7c3  |t 0 
952 f f |p normal  |a Texas A&M University  |b Galveston Campus  |c Jack K. Williams Library  |d Galveston Stacks  |t 0  |e VK405 .T3 1982  |h Library of Congress classification  |i unmediated -- volume  |m 33620000716288 
998 f f |a VK405 .T3 1982  |t 0  |l Galveston Stacks